| 000 | 00701nam a2200217 a 4500 | ||
|---|---|---|---|
| 005 | 20230920064242.0 | ||
| 008 | 010801s1998 mx r 000 0 spa d | ||
| 020 | _a9706502477 | ||
| 035 | _aUPN01000110368 | ||
| 049 | _aCG | ||
| 050 | 4 |
_aB1535 _bR4.38 |
|
| 100 | 1 |
_aReid, Thomas, _d1710-1796 _932963 |
|
| 245 | 1 | 3 |
_aLa filosofía del sentido común : _bbreve antología de textos de Thomas Reid / _cThomas Reid ; tr. José Hernández Prado. |
| 260 |
_aMéxico : _bUAM-Azcapotzalco, _c1998. |
||
| 300 | _a362 p. | ||
| 440 | 0 |
_aEnsayos ; _v5 |
|
| 650 | 7 |
_aSentido común _2 _921500 |
|
| 650 | 4 |
_aSentidos y sensaciones _96763 |
|
| 650 | 4 |
_aFILOSOFIA - _vCOLECCIONES DE ESCRITOS _919107 |
|
| 905 | _aLibro | ||
| 999 |
_c84277 _d84277 |
||